000 01166nam a22002657a 4500
999 _c10531
_d10531
001 10531
003 BD-JhCC
005 20180520111721.0
008 180430b1964 as ||||| |||| 00| 0 eng d
020 _a0822006367
035 _a(BD-JhCC)10531
040 _aBD-JhCC
_dBD-JhCC
041 _aeng
082 _a821
_bIDE 1964
100 _a Milch, Robert J
245 _aIdylls of the king; notes /
_cRobert J Milch; James L Roberts
260 _aLincoln :
_bNeb., Cliff's Notes,
_c1963.
300 _a66 p. :
_c22 cm.
520 _aCliffs Notes gives you the basics on Tennyson's Idylls of the King including such features about the author, social and historical backgrounds, structure and tradition of literary genres, facts about the characters, critical analyses, review questions, glossaries of unfamiliar terms, foreign phrases and literary allusions, maps, genealogies, and a bibliography to help you locate more data for essays, oral reports, and term papers.
650 _aIdylls of the King (Tennyson, Alfred Tennyson, Baron)
650 _aKnights and knighthood in literature
700 _aRoberts,James L
942 _2ddc
_cBK